[Event "FIN-chT2 Gp3 1819"]
[Site "Finland"]
[Date "2018.09.15"]
[Round "1.2"]
[White "Byggmastar, Lars"]
[Black "Nokso Koivisto, Aki"]
[Result "1-0"]
[WhiteElo "2140"]
[BlackElo "2109"]
[PlyCount "77"]
[EventDate "2018.09.15"]
[EventType "team-tourn"]
[EventRounds "6"]
[EventCountry "FIN"]
[SourceTitle "EXT 2020"]
[Source "ChessBase"]
[SourceDate "2019.10.17"]
[SourceVersion "1"]
[SourceVersionDate "2019.10.17"]
[SourceQuality "1"]
[WhiteTeam "Turku TuTS II"]
[BlackTeam "Loimaa SK"]
[WhiteTeamCountry "FIN"]
[BlackTeamCountry "FIN"]

1. d4 Nf6 2. Bf4 d5 3. e3 Bf5 4. Nf3 e6 5. Bd3 Bxd3 6. Qxd3 c6 7. Nbd2 Bd6 8. Bg3 Qc7 9. Ne5 Nbd7 10. f4 Nf8 11. 0-0 Ng6 12. c4 0-0 13. c5 Bxe5 14. fxe5 Ng4 15. h3 Nh6 16. Bh2 Qd8 17. b4 a6 18. a4 Qd7 19. Rf2 Ne7 20. Raf1 Kh8 21. Qe2 Neg8 22. a5 Rac8 23. Bf4 Qd8 24. Nf3 Nf5 25. g4 Nfe7 26. Qd3 h6 27. Bg3 Qe8 28. Nh4 Rd8 29. Rf3 g5 30. Ng2 Ng6 31. h4 gxh4 32. Nxh4 N8e7 33. Kg2 Kg7 34. Qd2 Qd7 35. Qf2 Ng8 36. Nxg6 Kxg6 37. Bh4 Rde8 38. Bf6 Kh7 39. Qc2# 1-0

[Event "FIN-chT1A 1617"]
[Site "Finland"]
[Date "2016.12.11"]
[Round "4.2"]
[White "Nokso Koivisto, Aki"]
[Black "Heinola, Vesa Pekka"]
[Result "0-1"]
[WhiteElo "2160"]
[BlackElo "2195"]
[PlyCount "74"]
[EventDate "2016.09.17"]
[EventType "team-tourn"]
[EventRounds "7"]
[EventCountry "FIN"]
[SourceTitle "EXT 2019"]
[Source "ChessBase"]
[SourceDate "2018.10.10"]
[SourceVersion "1"]
[SourceVersionDate "2018.10.10"]
[SourceQuality "1"]
[WhiteTeam "Loimaa SK"]
[BlackTeam "Helsinki HSK"]
[WhiteTeamCountry "FIN"]
[BlackTeamCountry "FIN"]

1. e4 c5 2. Nf3 Nc6 3. d4 cxd4 4. Nxd4 g6 5. Nc3 Bg7 6. Be3 Nf6 7. Nb3 0-0 8. Be2 d6 9. 0-0 Be6 10. f4 Rc8 11. Kh1 a6 12. Qd2 Na5 13. Nxa5 Qxa5 14. Bf3 Rfd8 15. Rfd1 Nd7 16. Bd4 Bxd4 17. Qxd4 Qc5 18. Qd2 Nf6 19. h3 b5 20. Rac1 b4 21. Na4 Qa5 22. b3 d5 23. e5 Ne4 24. Qe1 Nc3 25. Nxc3 Rxc3 26. Rd4 Qc5 27. Qd2 a5 28. Kh2 Rc8 29. f5 Bxf5 30. Rxd5 Qc7 31. Bd1 Be6 32. Rb5 Bd7 33. Rd5 Bc6 34. Rd3 Qxe5+ 35. Kg1 Qc5+ 36. Kh1 Rxd3 37. Qxd3 Qg5 0-1

[Event "FIN-chT1A 1617"]
[Site "Finland"]
[Date "2016.10.08"]
[Round "3.2"]
[White "Lehti, Juhani"]
[Black "Nokso Koivisto, Aki"]
[Result "1-0"]
[WhiteElo "2185"]
[BlackElo "2160"]
[PlyCount "65"]
[EventDate "2016.09.17"]
[EventType "team-tourn"]
[EventRounds "7"]
[EventCountry "FIN"]
[SourceTitle "EXT 2019"]
[Source "ChessBase"]
[SourceDate "2018.10.10"]
[SourceVersion "1"]
[SourceVersionDate "2018.10.10"]
[SourceQuality "1"]
[WhiteTeam "Helsinki SSK"]
[BlackTeam "Loimaa SK"]
[WhiteTeamCountry "FIN"]
[BlackTeamCountry "FIN"]

1. e4 c5 2. Nf3 e6 3. Be2 Qc7 4. 0-0 d6 5. d4 cxd4 6. Nxd4 Nc6 7. c4 Nf6 8. Nc3 Be7 9. Be3 0-0 10. a3 Rd8 11. b4 Bd7 12. Qb3 Ne5 13. f3 b6 14. Rfc1 Rac8 15. h3 Qb8 16. a4 Be8 17. a5 Nfd7 18. f4 Ng6 19. axb6 Nxb6 20. Ndb5 Bxb5 21. Nxb5 Rd7 22. c5 dxc5 23. bxc5 Nxf4 24. Bf1 Nxh3+ 25. Kh1 Qg3 26. cxb6 Rxc1 27. Rxc1 Nf2+ 28. Bxf2 Qxb3 29. Rc8+ Bf8 30. bxa7 Rd1 31. Rxf8+ Kxf8 32. Bc5+ Ke8 33. a8Q+ 1-0

[Event "FIN-chT2 Gp2 1516"]
[Site "Finland"]
[Date "2016.01.09"]
[Round "5.2"]
[White "Nokso Koivisto, Aki"]
[Black "Blinov, Jurij"]
[Result "1/2-1/2"]
[WhiteElo "2168"]
[BlackElo "1923"]
[PlyCount "119"]
[EventDate "2015.09.12"]
[EventType "team-tourn"]
[EventRounds "6"]
[EventCountry "FIN"]
[SourceTitle "EXT 2017"]
[Source "ChessBase"]
[SourceDate "2016.10.25"]
[SourceVersion "1"]
[SourceVersionDate "2016.10.25"]
[SourceQuality "1"]
[WhiteTeam "Loimaa SK"]
[BlackTeam "Helsinki HSK IV"]
[WhiteTeamCountry "FIN"]
[BlackTeamCountry "FIN"]

1. e4 c5 2. Nf3 d6 3. d4 cxd4 4. Nxd4 Nf6 5. Nc3 g6 6. Be2 Bg7 7. 0-0 0-0 8. Nb3 Bd7 9. Bg5 Nc6 10. f4 Rc8 11. Kh1 Ne8 12. Rb1 Nc7 13. Qd2 Ne6 14. Bh4 Ned4 15. Nd5 Nxe2 16. Qxe2 Qe8 17. c3 f6 18. Rbd1 Nd8 19. Qe3 b6 20. e5 dxe5 21. fxe5 g5 22. Bg3 Ne6 23. Nd4 Nxd4 24. cxd4 Qf7 25. Nc3 h6 26. d5 Bg4 27. e6 Qg6 28. Rc1 f5 29. Be5 f4 30. Qd4 Bxe5 31. Qxe5 Qf6 32. Qxf6 Rxf6 33. h3 Bf5 34. Kg1 Rff8 35. Kf2 Kg7 36. Rfe1 Rfd8 37. Rcd1 Rc5 38. Rd4 b5 39. a3 a5 40. Kf3 b4 41. axb4 axb4 42. Rxb4 Kf6 43. Rb6 Bg6 44. Ra1 Rcxd5 45. Nxd5+ Rxd5 46. Re1 Rd2 47. Rb8 Bh5+ 48. g4 Bg6 49. Re2 Rd3+ 50. Kf2 Rxh3 51. b4 h5 52. gxh5 Rh2+ 53. Ke1 Rxe2+ 54. Kxe2 Bxh5+ 55. Kf2 Bg4 56. b5 Bxe6 57. b6 Bd5 58. b7 Ke6 59. Rg8 Bxb7 60. Rxg5 1/2-1/2

[Event "FIN-chT2 Gp2 1516"]
[Site "Finland"]
[Date "2015.11.08"]
[Round "4.2"]
[White "Nokso Koivisto, Aki"]
[Black "Vihinen, Teemu"]
[Result "1/2-1/2"]
[WhiteElo "2168"]
[BlackElo "2150"]
[PlyCount "81"]
[EventDate "2015.09.12"]
[EventType "team-tourn"]
[EventRounds "6"]
[EventCountry "FIN"]
[SourceTitle "EXT 2017"]
[Source "ChessBase"]
[SourceDate "2016.10.25"]
[SourceVersion "1"]
[SourceVersionDate "2016.10.25"]
[SourceQuality "1"]
[WhiteTeam "Loimaa SK"]
[BlackTeam "Vantaa EtVaS II"]
[WhiteTeamCountry "FIN"]
[BlackTeamCountry "FIN"]

1. e4 e6 2. d4 d5 3. Nd2 a6 4. Ngf3 Nf6 5. e5 Nfd7 6. Bd3 c5 7. c3 Nc6 8. 0-0 b5 9. Re1 Qb6 10. dxc5 Bxc5 11. Re2 g5 12. Nxg5 Ndxe5 13. Nb3 h6 14. Nxc5 Qxc5 15. Nh3 Bb7 16. Bf4 Nxd3 17. Qxd3 0-0-0 18. Be5 Nxe5 19. Rxe5 Qd6 20. Rae1 d4 21. f3 dxc3 22. Qxc3+ Kb8 23. R5e2 Qd4+ 24. Qxd4 Rxd4 25. Kf2 Rhd8 26. Rc1 Bd5 27. a3 Bc4 28. Ree1 Bb3 29. Re2 Bd1 30. Re4 Rd2+ 31. Ke1 Bb3 32. Re2 R2d4 33. g3 Rd3 34. f4 Bd1 35. Re5 Bf3 36. Nf2 Rb3 37. Rc2 Rc8 38. Kd2 Rd8+ 39. Ke1 Kb7 40. Rec5 Kb6 41. R5c3 1/2-1/2

[Event "FIN-chT1A 1415"]
[Site "Finland"]
[Date "2015.01.10"]
[Round "5.2"]
[White "Raaste, Eero J"]
[Black "Nokso Koivisto, Aki"]
[Result "1/2-1/2"]
[WhiteElo "2307"]
[BlackElo "2181"]
[PlyCount "71"]
[EventDate "2014.09.27"]
[EventType "team-tourn"]
[EventRounds "7"]
[EventCountry "FIN"]
[SourceTitle "EXT 2017"]
[Source "ChessBase"]
[SourceDate "2016.10.25"]
[SourceVersion "1"]
[SourceVersionDate "2016.10.25"]
[SourceQuality "1"]
[WhiteTeam "Helsinki Garde"]
[BlackTeam "Loimaa SK"]
[WhiteTeamCountry "FIN"]
[BlackTeamCountry "FIN"]

1. e4 c5 2. Nf3 e6 3. d3 d6 4. g3 g6 5. Bg2 Bg7 6. 0-0 Ne7 7. c3 0-0 8. Re1 Nbc6 9. Nbd2 Qc7 10. Qe2 b5 11. Nf1 Bb7 12. Bf4 Rad8 13. Qd2 Ne5 14. Bh6 f6 15. Bxg7 Kxg7 16. d4 Nc4 17. Qe2 a6 18. Rad1 Rfe8 19. h4 e5 20. d5 Bc8 21. N3h2 Bd7 22. f4 Qc8 23. b3 Nb6 24. Ne3 Ng8 25. f5 Re7 26. Rf1 Rf8 27. Bh3 Kh8 28. Rf2 Rg7 29. Kh1 Ne7 30. g4 Qe8 31. Rg1 gxf5 32. gxf5 Rxg1+ 33. Kxg1 Rg8+ 34. Rg2 Rxg2+ 35. Bxg2 Qf7 36. Kf2 1/2-1/2

[Event "FIN-chT1A 1415"]
[Site "Finland"]
[Date "2014.11.15"]
[Round "3.3"]
[White "Linqvist, Grels"]
[Black "Nokso Koivisto, Aki"]
[Result "1/2-1/2"]
[WhiteElo "2026"]
[BlackElo "2181"]
[PlyCount "43"]
[EventDate "2014.09.27"]
[EventType "team-tourn"]
[EventRounds "7"]
[EventCountry "FIN"]
[SourceTitle "EXT 2017"]
[Source "ChessBase"]
[SourceDate "2016.10.25"]
[SourceVersion "1"]
[SourceVersionDate "2016.10.25"]
[SourceQuality "1"]
[WhiteTeam "Vaasa VSS"]
[BlackTeam "Loimaa SK"]
[WhiteTeamCountry "FIN"]
[BlackTeamCountry "FIN"]

1. c4 e5 2. Nc3 Nf6 3. g3 Nc6 4. Bg2 Bc5 5. e3 0-0 6. Nge2 d6 7. 0-0 a5 8. h3 h6 9. d4 exd4 10. exd4 Bb6 11. Be3 Bf5 12. a3 Re8 13. g4 Bh7 14. Ng3 Rb8 15. b3 Qd7 16. Re1 Nxd4 17. Rc1 c5 18. Nce2 Nc6 19. Nf4 Ne5 20. Re2 Rbd8 21. Rd2 Qc8 22. Nd5 1/2-1/2

[Event "FIN-chT1 West 1314"]
[Site "Finland"]
[Date "2014.02.08"]
[Round "6.2"]
[White "Laato, Samuli"]
[Black "Nokso Koivisto, Aki"]
[Result "0-1"]
[WhiteElo "2074"]
[BlackElo "2167"]
[PlyCount "142"]
[EventDate "2013.09.21"]
[EventType "team-tourn"]
[EventRounds "9"]
[EventCountry "FIN"]
[SourceTitle "EXT 2022"]
[Source "ChessBase"]
[SourceDate "2021.10.06"]
[SourceVersion "1"]
[SourceVersionDate "2021.10.06"]
[SourceQuality "1"]
[WhiteTeam "Turku SY"]
[BlackTeam "Loimaa SK"]
[WhiteTeamCountry "FIN"]
[BlackTeamCountry "FIN"]

1. e4 c5 2. Nf3 e6 3. c3 d5 4. e5 Nc6 5. d4 cxd4 6. cxd4 Qb6 7. a3 Bd7 8. Be2 Nge7 9. b4 Nf5 10. Be3 Be7 11. g4 Nxe3 12. fxe3 f6 13. exf6 Bxf6 14. Nc3 0-0 15. Na4 Qd8 16. Nc5 Bh4+ 17. Kd2 Bc8 18. Rg1 Bg5 19. h4 Bxh4 20. g5 Rxf3 21. Bxf3 Bxg5 22. Ke2 b6 23. Nd3 Bh6 24. Qb3 Qd6 25. Rg2 Bd7 26. Rh1 Kh8 27. Qb1 Rf8 28. b5 Ne7 29. Ne5 Nf5 30. Bg4 Qxa3 31. Rh3 Bxb5+ 32. Qxb5 Qa2+ 33. Ke1 Qxg2 34. Bxf5 exf5 35. Nf7+ Kg8 36. Nxh6+ gxh6 37. Rxh6 Rc8 38. Rc6 Re8 39. Rc3 Qe4 40. Qd7 Re7 41. Qd6 Qe6 42. Qg3+ Kf7 43. Qh4 Qg6 44. Kf2 h6 45. Qh1 Qe6 46. Qf3 Kg7 47. Qg3+ Kh7 48. Rc7 a5 49. Rxe7+ Qxe7 50. Qb8 Qe6 51. Kf3 Kg6 52. Kf2 Kf7 53. Qc7+ Kg6 54. Qd8 a4 55. Qc7 a3 56. Qb7 Qd6 57. Kf3 Kf6 58. Qh7 Ke6 59. Qxh6+ Kd7 60. Qh7+ Kc6 61. Qxf5 Kb5 62. Ke2 Qc6 63. Kd2 Qc4 64. Qd7+ Ka6 65. Qd8 a2 66. Qa8+ Kb5 67. Qa7 Qb4+ 68. Ke2 Qb2+ 69. Kd3 a1Q 70. Qd7+ Kb4 71. Qd6+ Ka5 0-1

[Event "FIN-chT1 West 1314"]
[Site "Finland"]
[Date "2013.09.21"]
[Round "1.2"]
[White "Nokso Koivisto, Aki"]
[Black "Taylor, Daryl"]
[Result "1/2-1/2"]
[WhiteElo "2167"]
[BlackElo "2013"]
[PlyCount "81"]
[EventDate "2013.09.21"]
[EventType "team-tourn"]
[EventRounds "9"]
[EventCountry "FIN"]
[SourceTitle "EXT 2022"]
[Source "ChessBase"]
[SourceDate "2021.10.06"]
[SourceVersion "1"]
[SourceVersionDate "2021.10.06"]
[SourceQuality "1"]
[WhiteTeam "Loimaa SK"]
[BlackTeam "Vantaa EtVaS II"]
[WhiteTeamCountry "FIN"]
[BlackTeamCountry "FIN"]

1. e4 e6 2. d4 d5 3. Nd2 dxe4 4. Nxe4 Bd7 5. Nf3 Bc6 6. Bd3 Nd7 7. Qe2 Ngf6 8. Nxf6+ Nxf6 9. 0-0 Bxf3 10. Qxf3 c6 11. Be3 Bd6 12. c4 0-0 13. Rad1 Re8 14. Rfe1 Qa5 15. Bb1 Qh5 16. Qxh5 Nxh5 17. g3 Nf6 18. f3 Rad8 19. a3 h6 20. Kf2 Kf8 21. Re2 Rd7 22. Red2 a6 23. Ba2 Bc7 24. b4 Red8 25. Ke2 Bb6 26. Rd3 Ke7 27. Bb3 Bc7 28. R1d2 Bd6 29. Bf2 b5 30. Rc2 Ra8 31. Be1 a5 32. bxa5 Bxa3 33. cxb5 cxb5 34. Bxe6 fxe6 35. Rxa3 Rxd4 36. Rc7+ Rd7 37. Bb4+ Kd8 38. Rc6 Nd5 39. Bd2 b4 40. Ra1 Rda7 41. Rc5 1/2-1/2

[Event "Espoo We MatSK A"]
[Site "Espoo"]
[Date "2013.02.23"]
[Round "3"]
[White "Tumanov, Dmitri"]
[Black "Nokso Koivisto, Aki"]
[Result "0-1"]
[WhiteElo "1976"]
[BlackElo "2199"]
[PlyCount "54"]
[EventDate "2013.02.22"]
[EventType "swiss"]
[EventRounds "5"]
[EventCountry "FIN"]
[SourceTitle "EXT 2022"]
[Source "ChessBase"]
[SourceDate "2021.10.06"]
[SourceVersion "1"]
[SourceVersionDate "2021.10.06"]
[SourceQuality "1"]

1. d4 Nf6 2. g3 e6 3. Bg2 d5 4. Bg5 Be7 5. Nd2 0-0 6. c3 Nbd7 7. Qb3 c5 8. Ngf3 b6 9. a4 Ba6 10. Ne5 Nxe5 11. dxe5 Ng4 12. Bf4 g5 13. f3 Nh6 14. Be3 Qc7 15. f4 Ng4 16. Bf2 gxf4 17. gxf4 Nxf2 18. Kxf2 f6 19. Bh3 fxe5 20. Bxe6+ Kh8 21. f5 Bh4+ 22. Kg2 Bxe2 23. Rhg1 c4 24. Qb5 Rad8 25. Nf1 e4 26. Ng3 Qf4 27. Raf1 Bf3+ 0-1

[Event "FIN-chT1A 1112"]
[Site "Finland"]
[Date "2011.11.19"]
[Round "3.3"]
[White "Tolonen, Mikko"]
[Black "Nokso Koivisto, Aki"]
[Result "0-1"]
[WhiteElo "2232"]
[BlackElo "2169"]
[PlyCount "78"]
[EventDate "2011.09.17"]
[EventType "team-tourn"]
[EventRounds "7"]
[EventCountry "FIN"]
[SourceTitle "EXT 2019"]
[Source "ChessBase"]
[SourceDate "2018.10.10"]
[SourceVersion "1"]
[SourceVersionDate "2018.10.10"]
[SourceQuality "1"]
[WhiteTeam "Espoo MatSK II"]
[BlackTeam "Loimaa SK"]
[WhiteTeamCountry "FIN"]
[BlackTeamCountry "FIN"]

1. e4 c5 2. c3 e6 3. d4 d5 4. exd5 exd5 5. Be3 cxd4 6. Bxd4 Nf6 7. Bxf6 gxf6 8. Bb5+ Nc6 9. Ne2 Qd6 10. Na3 Be6 11. Nc2 Bh6 12. Ncd4 Kf8 13. 0-0 Rc8 14. Re1 Ne5 15. Bd3 Re8 16. Qc2 Bg7 17. Ng3 h5 18. Ngf5 Qb8 19. h3 a6 20. Re3 Bh6 21. Nxh6 Rxh6 22. Rae1 Bd7 23. Qe2 Nxd3 24. Qxd3 Rxe3 25. Qxe3 Kg7 26. Qe7 Qc8 27. Re3 Rg6 28. Kh2 Qc7+ 29. Kh1 Qc8 30. Qd6 Qc4 31. Kg1 Qc8 32. Qxd5 Bxh3 33. g3 h4 34. Re7 Qf8 35. Rxb7 hxg3 36. f4 Qe8 37. Ne2 Qe3+ 38. Kh1 g2+ 39. Kh2 g1Q+ 0-1

[Event "FIN-chT1A 1112"]
[Site "Finland"]
[Date "2011.10.15"]
[Round "2"]
[White "Nokso Koivisto, Aki"]
[Black "Suominen, Antti"]
[Result "0-1"]
[WhiteElo "2169"]
[BlackElo "1994"]
[PlyCount "84"]
[EventDate "2011.09.17"]
[EventType "team-tourn"]
[EventRounds "7"]
[EventCountry "FIN"]
[SourceTitle "EXT 2019"]
[Source "ChessBase"]
[SourceDate "2018.10.10"]
[SourceVersion "1"]
[SourceVersionDate "2018.10.10"]
[SourceQuality "1"]
[WhiteTeam "Loimaa SK"]
[BlackTeam "Helsinki KSK"]
[WhiteTeamCountry "FIN"]
[BlackTeamCountry "FIN"]

1. e4 d5 2. exd5 Nf6 3. d4 Bg4 4. Be2 Bxe2 5. Nxe2 Qxd5 6. 0-0 Nc6 7. b3 0-0-0 8. Bb2 Qh5 9. Nd2 e6 10. Nf3 Bd6 11. Ng3 Qg4 12. Re1 Qg6 13. Qe2 h5 14. c4 h4 15. Nf1 h3 16. g3 Kb8 17. a3 Rhe8 18. b4 Nh5 19. d5 Nf4 20. Qe4 f5 21. Nh4 Qh5 22. Qf3 Qxf3 23. Nxf3 Nd3 24. dxc6 Nxb2 25. c5 Bf8 26. Ne5 Nd3 27. Nd7+ Kc8 28. Re3 bxc6 29. Nxf8 Rxf8 30. Rxe6 Kb7 31. Re7 g5 32. Rg7 Ne5 33. f4 gxf4 34. gxf4 Rg8 35. Rg3 Rxg3+ 36. Nxg3 Ng4 37. Re1 Rd2 38. Re2 Rd1+ 39. Nf1 Ra1 40. Rb2 Rxa3 41. Rb1 Ra2 42. Ng3 Rg2+ 0-1

[Event "Espoo MatSK Weekend A"]
[Site "Espoo"]
[Date "2011.02.26"]
[Round "3"]
[White "Porrasmaa, Timo"]
[Black "Nokso Koivisto, Aki"]
[Result "0-1"]
[WhiteElo "2108"]
[BlackElo "2176"]
[PlyCount "106"]
[EventDate "2011.02.25"]
[EventType "swiss"]
[EventRounds "5"]
[EventCountry "FIN"]
[SourceTitle "EXT 2022"]
[Source "ChessBase"]
[SourceDate "2021.10.06"]
[SourceVersion "1"]
[SourceVersionDate "2021.10.06"]
[SourceQuality "1"]

1. d4 Nf6 2. c4 e6 3. Nc3 Bb4 4. f3 c5 5. d5 d6 6. e4 exd5 7. cxd5 h6 8. Nge2 b5 9. Ng3 Bd7 10. Be2 0-0 11. 0-0 Qa5 12. Kh1 Na6 13. Bd2 Qb6 14. Be3 Nc7 15. Qd2 Nh7 16. a3 Bxc3 17. Qxc3 f6 18. Nh5 Be8 19. f4 Rc8 20. Rad1 Bf7 21. Ng3 a5 22. Bg4 b4 23. Qd2 Rce8 24. Bf3 Rd8 25. Nf5 Rfe8 26. Qf2 Kh8 27. Qg3 Rg8 28. Ne7 Rge8 29. Nc6 Ra8 30. Rfe1 Nf8 31. e5 dxe5 32. fxe5 fxe5 33. Nxe5 Bg8 34. Nc4 Qa6 35. Nd6 Re7 36. Bxc5 Rxe1+ 37. Qxe1 Nd7 38. axb4 axb4 39. Bxb4 Nf6 40. Nf5 Ncxd5 41. Qg3 Ra7 42. Bf8 Qc8 43. Bxg7+ Kh7 44. Bxf6 Qxf5 45. Bd4 Re7 46. Be2 Nf4 47. Bg4 Qe4 48. Bc3 Bd5 49. Bf3 Qf5 50. Qh4 Ng6 51. Qd4 Bxf3 52. gxf3 Qxf3+ 53. Kg1 Ne5 0-1

[Event "Espoo We MatSK op 6th"]
[Site "Espoo"]
[Date "2010.??.??"]
[Round "5"]
[White "Nokso Koivisto, Aki"]
[Black "Koivistoinen, Timo"]
[Result "1/2-1/2"]
[WhiteElo "2158"]
[BlackElo "1908"]
[PlyCount "128"]
[EventDate "2010.??.??"]
[EventType "swiss"]
[EventRounds "5"]
[EventCountry "FIN"]
[SourceTitle "EXT 2022"]
[Source "ChessBase"]
[SourceDate "2021.10.06"]
[SourceVersion "1"]
[SourceVersionDate "2021.10.06"]
[SourceQuality "1"]

1. e4 e6 2. d4 d5 3. Nd2 c5 4. exd5 exd5 5. Ngf3 Nf6 6. Bb5+ Bd7 7. Bxd7+ Nbxd7 8. 0-0 Be7 9. Re1 0-0 10. dxc5 Nxc5 11. Nb3 Nce4 12. Nfd4 Rc8 13. f3 Nd6 14. c3 Nc4 15. Qe2 Re8 16. Qf2 h6 17. Nf5 Bf8 18. Rd1 Qd7 19. Nfd4 Bd6 20. Rb1 Bb8 21. Bd2 a6 22. Re1 Rxe1+ 23. Qxe1 Re8 24. Qf2 Qc7 25. g3 Ba7 26. Bf4 Qd7 27. Rd1 Nh5 28. Bc1 Nf6 29. Re1 Ne5 30. Kg2 Nd3 31. Rxe8+ Qxe8 32. Qf1 Nxc1 33. Qxc1 Qa4 34. a3 Qc4 35. Qd2 Bxd4 36. Nxd4 Nd7 37. Qe2 Qxe2+ 38. Nxe2 Kf8 39. Nf4 Nb6 40. b3 Ke7 41. Kf2 Kd6 42. Ke3 a5 43. a4 Nd7 44. Nd3 g5 45. h3 f5 46. Kd4 Nf6 47. b4 Nh5 48. g4 fxg4 49. hxg4 Ng3 50. Nc5 b6 51. Nb3 axb4 52. cxb4 Ne2+ 53. Ke3 Nf4 54. a5 bxa5 55. bxa5 Kc6 56. Nd4+ Kb7 57. Ne2 Ne6 58. Nd4 Nf4 59. Nf5 h5 60. gxh5 Nxh5 61. Nd6+ Ka6 62. Nf7 Kxa5 63. Nxg5 Kb5 64. Kd4 Kc6 1/2-1/2

[Event "Tampere We TammerSh 2nd"]
[Site "Tampere"]
[Date "2009.??.??"]
[Round "3"]
[White "Nokso Koivisto, Aki"]
[Black "Koivusalo, Ville Veiko"]
[Result "1-0"]
[WhiteElo "2158"]
[BlackElo "1923"]
[PlyCount "55"]
[EventDate "2009.??.??"]
[EventType "swiss"]
[EventRounds "6"]
[EventCountry "FIN"]
[SourceTitle "EXT 2011"]
[Source "ChessBase"]
[SourceDate "2010.11.26"]
[SourceVersion "1"]
[SourceVersionDate "2010.11.26"]
[SourceQuality "1"]

1. e4 c5 2. Nf3 Nc6 3. d4 cxd4 4. Nxd4 g6 5. Nc3 Bg7 6. Be3 Nf6 7. Bc4 d6 8. f3 Bd7 9. Qd2 Rc8 10. Bb3 0-0 11. 0-0-0 Ne5 12. Kb1 Nc4 13. Bxc4 Rxc4 14. g4 Qa5 15. Nd5 Qd8 16. h4 Nxd5 17. exd5 b5 18. h5 Qa8 19. hxg6 fxg6 20. Qh2 h6 21. Bxh6 Rxd4 22. Rxd4 Bxd4 23. Bxf8 Qxd5 24. Bxe7 Bg7 25. Qxd6 Qxf3 26. Re1 Qxg4 27. Qd5+ Kh7 28. Rh1+ 1-0

[Event "Tampere We TammerSh 2nd"]
[Site "Tampere"]
[Date "2009.??.??"]
[Round "6"]
[White "Raki, Jyrki"]
[Black "Nokso Koivisto, Aki"]
[Result "1/2-1/2"]
[WhiteElo "2041"]
[BlackElo "2158"]
[PlyCount "31"]
[EventDate "2009.??.??"]
[EventType "swiss"]
[EventRounds "6"]
[EventCountry "FIN"]
[SourceTitle "EXT 2011"]
[Source "ChessBase"]
[SourceDate "2010.11.26"]
[SourceVersion "1"]
[SourceVersionDate "2010.11.26"]
[SourceQuality "1"]

1. d4 Nf6 2. c4 e5 3. dxe5 Ng4 4. Nf3 Bc5 5. e3 Nc6 6. Nc3 Ngxe5 7. Be2 0-0 8. Bd2 a5 9. Nd5 Re8 10. Bc3 d6 11. Qc2 Nb4 12. Qd2 Nxd5 13. cxd5 Ng4 14. Bd4 Bb4 15. Bc3 Bc5 16. Bd4 1/2-1/2

[Event "FIN-chT1A 0708"]
[Site "Finland"]
[Date "2008.02.09"]
[Round "6.1"]
[White "Nokso Koivisto, Aki"]
[Black "Nieminen, Kari"]
[Result "0-1"]
[WhiteElo "2168"]
[BlackElo "2203"]
[PlyCount "82"]
[EventDate "2007.09.15"]
[EventType "team-tourn"]
[EventRounds "7"]
[EventCountry "FIN"]
[SourceTitle "EXT 2022"]
[Source "ChessBase"]
[SourceDate "2021.10.06"]
[SourceVersion "1"]
[SourceVersionDate "2021.10.06"]
[SourceQuality "1"]
[WhiteTeam "Turku TS II"]
[BlackTeam "Espoo MatSK II"]
[WhiteTeamCountry "FIN"]
[BlackTeamCountry "FIN"]

1. e4 c5 2. Nf3 d6 3. Nc3 Nc6 4. d4 cxd4 5. Nxd4 Nf6 6. Bb5 Bd7 7. 0-0 e6 8. Be3 Be7 9. f3 0-0 10. Qd2 Qc7 11. Rad1 a6 12. Be2 b5 13. Nxc6 Bxc6 14. Bf4 Rfd8 15. g4 b4 16. Nb1 e5 17. Bg3 d5 18. exd5 Nxd5 19. Bd3 Bb7 20. Rfe1 Bc5+ 21. Bf2 Nf4 22. Bxc5 Qxc5+ 23. Qe3 Qxe3+ 24. Rxe3 f6 25. Kf2 Kf8 26. Rd2 Rac8 27. h4 h6 28. h5 Rc5 29. Bf5 Rcd5 30. Rxd5 Bxd5 31. b3 Bc6 32. Bd3 Bb5 33. Bxb5 axb5 34. Re1 Ra8 35. Re4 Rxa2 36. Ke1 Rxc2 37. Kd1 Rc5 38. Nd2 Nd3 39. Ke2 Rc3 40. Re3 Nf4+ 41. Kf2 Rc2 0-1

[Event "FIN-chT1A 0708"]
[Site "Finland"]
[Date "2007.09.16"]
[Round "2.1"]
[White "Nouro, Mikael"]
[Black "Nokso Koivisto, Aki"]
[Result "1-0"]
[WhiteElo "2345"]
[BlackElo "2168"]
[PlyCount "105"]
[EventDate "2007.09.15"]
[EventType "team-tourn"]
[EventRounds "7"]
[EventCountry "FIN"]
[SourceTitle "EXT 2022"]
[Source "ChessBase"]
[SourceDate "2021.10.06"]
[SourceVersion "1"]
[SourceVersionDate "2021.10.06"]
[SourceQuality "1"]
[WhiteTeam "Helsinki Garde"]
[BlackTeam "Turku TS II"]
[WhiteTeamCountry "FIN"]
[BlackTeamCountry "FIN"]

1. e4 d5 2. exd5 Qxd5 3. Nc3 Qa5 4. d4 Nf6 5. Bc4 Bg4 6. Nf3 e6 7. h3 Bf5 8. Bd2 c6 9. Nd5 Qd8 10. Nxf6+ gxf6 11. 0-0 Rg8 12. Kh1 Be7 13. Re1 Nd7 14. Nh4 Bg6 15. c3 Nb6 16. Bf1 Qd5 17. Nxg6 hxg6 18. Qe2 Rh8 19. Kg1 Kf8 20. b4 Rd8 21. a4 Nc8 22. g3 Nd6 23. b5 Nc8 24. Bg2 Qd7 25. Qf3 Qd5 26. Qe2 Qd7 27. Qf3 Qd5 28. bxc6 bxc6 29. Be3 Nb6 30. Qe2 Qd7 31. c4 Kg7 32. a5 Nc8 33. Qf3 Bb4 34. Red1 Ne7 35. a6 Rb8 36. Rab1 Rhd8 37. Rb3 e5 38. Rbd3 Nf5 39. dxe5 Qe7 40. exf6+ Qxf6 41. Bf4 Rxd3 42. Rxd3 Re8 43. Kh2 Re6 44. Rd7 Bc5 45. Bb8 Re7 46. Rb7 Qd4 47. Qf4 Re8 48. Qxd4+ Bxd4 49. Bxa7 c5 50. Bb8 Bxf2 51. g4 Rxb8 52. gxf5 Re8 53. a7 1-0

[Event "FIN-chT1A 0708"]
[Site "Finland"]
[Date "2007.09.15"]
[Round "1.2"]
[White "Kivimaki, Jaakko"]
[Black "Nokso Koivisto, Aki"]
[Result "0-1"]
[WhiteElo "2187"]
[BlackElo "2168"]
[PlyCount "76"]
[EventDate "2007.09.15"]
[EventType "team-tourn"]
[EventRounds "7"]
[EventCountry "FIN"]
[SourceTitle "EXT 2022"]
[Source "ChessBase"]
[SourceDate "2021.10.06"]
[SourceVersion "1"]
[SourceVersionDate "2021.10.06"]
[SourceQuality "1"]
[WhiteTeam "Helsinki KS 58"]
[BlackTeam "Turku TS II"]
[WhiteTeamCountry "FIN"]
[BlackTeamCountry "FIN"]

1. d4 Nf6 2. Nf3 e6 3. e3 d5 4. c4 c6 5. Nbd2 Be7 6. Bd3 0-0 7. 0-0 Nbd7 8. Qc2 h6 9. b3 Re8 10. Bb2 Qc7 11. Rac1 Bd6 12. Rfd1 Nf8 13. h3 Qe7 14. Ne5 Bd7 15. Qb1 Rec8 16. f4 Be8 17. Ndf3 N6d7 18. Qc2 f6 19. Ng4 Bf7 20. cxd5 exd5 21. Re1 Re8 22. Nh4 Be6 23. Bg6 Rec8 24. e4 Bxg4 25. exd5 cxd5 26. Bh7+ Nxh7 27. Qxc8+ Rxc8 28. Rxc8+ Ndf8 29. Rxe7 Bxc8 30. Re8 Bd7 31. Rd8 Bc7 32. Ra8 Bc6 33. Rxa7 Bxf4 34. Nf5 Kf7 35. g3 Bc7 36. Ba3 Ne6 37. b4 Nxd4 38. g4 Nxf5 0-1